[Event "DVM U16 2021"]
[Site "Kiel GER"]
[Date "2022.07.23"]
[Round "2"]
[White "Müller, Yannik"]
[Black "Kovalchuk, Alexander"]
[Result "0-1"]
[Termination "normal"]
[Board "10.2"]
[WhiteElo "1323"]
[BlackElo "1411"]
[WhiteClock "00:48:21"]
[BlackClock "00:02:51"]
[WhiteTeam "SV Grün-Weiß Niederwiesa"]
[BlackTeam "USV TU Dresden"]
[PlyCount "80"]
[WhiteFideId "16294750"]
[BlackFideId "16247809"]
[EventCountry "GER"]
[EventRounds "7"]
[EventType "team-swiss"]
[EventDate "2022.07.22"]

1. d4 {[%clk 01:30:58]} d5 {[%clk 01:30:52]} {[%emt 00:00:09]} 2. c4 {[%clk
01:31:23]} {[%emt 00:00:04]} Nf6 {[%clk 01:31:10]} {[%emt 00:00:12]} 3. Nc3
{[%clk 01:31:45]} {[%emt 00:00:09]} Bf5 {[%clk 01:31:00]} {[%emt 00:00:40]} 4.
Bg5 {[%clk 01:32:06]} {[%emt 00:00:09]} c6 {[%clk 01:31:04]} {[%emt 00:00:26]}
5. e3 {[%clk 01:32:14]} {[%emt 00:00:22]} e6 {[%clk 01:29:58]} {[%emt
00:01:36]} 6. Nf3 {[%clk 01:31:53]} {[%emt 00:00:50]} Bd6 {[%clk 01:27:14]}
{[%emt 00:03:14]} 7. Be2 {[%clk 01:29:27]} {[%emt 00:02:57]} h6 {[%clk
01:26:50]} {[%emt 00:00:55]} 8. Bh4 {[%clk 01:27:40]} {[%emt 00:02:16]} Nbd7
{[%clk 01:25:09]} {[%emt 00:02:11]} 9. O-O {[%clk 01:24:30]} {[%emt 00:03:39]}
O-O {[%clk 01:23:41]} {[%emt 00:01:58]} 10. Rc1 {[%clk 01:20:30]} {[%emt
00:04:30]} Rc8 {[%clk 01:20:15]} {[%emt 00:03:56]} 11. a3 {[%clk 01:14:19]}
{[%emt 00:06:42]} a6 {[%clk 01:12:57]} {[%emt 00:07:48]} 12. b4 {[%clk
01:12:50]} {[%emt 00:01:59]} b5 {[%clk 01:12:02]} {[%emt 00:01:26]} 13. c5
{[%clk 01:11:56]} {[%emt 00:01:24]} Bc7 {[%clk 01:11:17]} {[%emt 00:01:14]} 14.
Bd3 {[%clk 01:10:57]} {[%emt 00:01:28]} Bxd3 {[%clk 01:10:20]} {[%emt
00:01:27]} 15. Qxd3 {[%clk 01:11:19]} {[%emt 00:00:09]} e5 {[%clk 01:08:38]}
{[%emt 00:02:12]} 16. e4 {[%clk 01:05:52]} {[%emt 00:05:56]} g5 {[%clk
00:59:25]} {[%emt 00:09:43]} 17. Bg3 {[%clk 01:04:16]} {[%emt 00:02:06]} exd4
{[%clk 00:56:39]} {[%emt 00:03:16]} 18. Bxc7 {[%clk 01:02:54]} {[%emt
00:01:52]} Qxc7 {[%clk 00:52:58]} {[%emt 00:04:11]} 19. Nxd4 {[%clk 01:01:41]}
{[%emt 00:01:43]} dxe4 {[%clk 00:46:56]} {[%emt 00:06:33]} 20. Nxe4 {[%clk
01:00:57]} {[%emt 00:01:14]} Nxe4 {[%clk 00:40:16]} {[%emt 00:07:09]} 21. Qxe4
{[%clk 01:00:21]} {[%emt 00:01:06]} Qe5 {[%clk 00:38:11]} {[%emt 00:02:36]} 22.
Rfe1 {[%clk 00:58:35]} {[%emt 00:02:16]} Rfe8 {[%clk 00:29:31]} {[%emt
00:09:10]} 23. Qxe5 {[%clk 00:57:22]} {[%emt 00:01:43]} Nxe5 {[%clk 00:23:58]}
{[%emt 00:06:03]} 24. Rcd1 {[%clk 00:55:24]} {[%emt 00:02:27]} Rcd8 {[%clk
00:17:36]} {[%emt 00:06:52]} 25. Nf5 {[%clk 00:52:44]} {[%emt 00:03:10]} Rxd1
{[%clk 00:10:24]} {[%emt 00:07:42]} 26. Rxd1 {[%clk 00:53:03]} {[%emt
00:00:12]} Re6 {[%clk 00:04:54]} {[%emt 00:06:00]} 27. Re1 {[%clk 00:52:16]}
{[%emt 00:01:16]} Kh7 {[%clk 00:03:41]} {[%emt 00:01:43]} 28. g3 {[%clk
00:50:53]} {[%emt 00:01:54]} Nf3+ {[%clk 00:03:51]} {[%emt 00:00:20]} 29. Kg2
{[%clk 00:51:12]} {[%emt 00:00:11]} Nxe1+ {[%clk 00:04:09]} {[%emt 00:00:11]}
30. Kh3 {[%clk 00:50:44]} {[%emt 00:00:58]} Nc2 {[%clk 00:04:07]} {[%emt
00:00:32]} 31. Nd6 {[%clk 00:50:35]} {[%emt 00:00:40]} Nxa3 {[%clk 00:03:50]}
{[%emt 00:00:47]} 32. Nxf7 {[%clk 00:50:37]} {[%emt 00:00:28]} Nc2 {[%clk
00:03:47]} {[%emt 00:00:32]} 33. Kg4 {[%clk 00:49:49]} {[%emt 00:01:18]} Rf6
{[%clk 00:03:34]} {[%emt 00:00:43]} 34. Ne5 {[%clk 00:49:22]} {[%emt 00:00:56]}
Nxb4 {[%clk 00:03:16]} {[%emt 00:00:49]} 35. f3 {[%clk 00:49:23]} {[%emt
00:00:30]} Kg7 {[%clk 00:02:35]} {[%emt 00:01:10]} 36. Nd7 {[%clk 00:48:25]}
{[%emt 00:01:29]} Re6 {[%clk 00:02:39]} {[%emt 00:00:25]} 37. Kf5 {[%clk
00:48:12]} {[%emt 00:00:44]} Re7 {[%clk 00:02:22]} {[%emt 00:00:45]} 38. Ne5
{[%clk 00:48:13]} {[%emt 00:00:29]} a5 {[%clk 00:02:35]} {[%emt 00:00:17]} 39.
f4 {[%clk 00:48:00]} {[%emt 00:00:44]} gxf4 {[%clk 00:02:35]} {[%emt 00:00:31]}
40. gxf4 {[%clk 00:48:21]} {[%emt 00:00:09]} a4 {[%clk 00:02:51]} {[%emt
00:00:15]} 0-1

[Event "DVM U16 2021"]
[Site "Kiel GER"]
[Date "2022.07.23"]
[Round "2"]
[White "Günther, Fabian"]
[Black "Leuthier, Richard"]
[Result "1-0"]
[Termination "normal"]
[Board "10.3"]
[WhiteElo "1485"]
[BlackElo "1145"]
[WhiteClock "01:10:41"]
[BlackClock "00:59:48"]
[WhiteTeam "USV TU Dresden"]
[BlackTeam "SV Grün-Weiß Niederwiesa"]
[PlyCount "51"]
[WhiteFideId "16240294"]
[BlackFideId "34628363"]
[EventCountry "GER"]
[EventRounds "7"]
[EventType "team-swiss"]
[EventDate "2022.07.22"]

1. e4 {[%clk 01:30:51]} {[%emt 00:00:09]} c5 {[%clk 01:30:36]} {[%emt
00:00:24]} 2. Nf3 {[%clk 01:30:55]} {[%emt 00:00:27]} d6 {[%clk 01:30:48]}
{[%emt 00:00:17]} 3. d4 {[%clk 01:30:34]} {[%emt 00:00:52]} Nf6 {[%clk
01:30:12]} {[%emt 00:01:06]} 4. Nc3 {[%emt 00:01:26]} cxd4 {[%clk 01:29:50]} 5.
Nxd4 {[%clk 01:30:51]} {[%emt 00:00:09]} Nc6 {[%clk 01:29:21]} {[%emt
00:00:59]} 6. Bb5 {[%clk 01:27:52]} {[%emt 00:03:30]} Bd7 {[%clk 01:28:27]}
{[%emt 00:01:24]} 7. Be3 {[%clk 01:27:00]} {[%emt 00:01:21]} g6 {[%clk
01:27:16]} {[%emt 00:01:41]} 8. O-O {[%clk 01:26:33]} {[%emt 00:00:57]} Bg7
{[%clk 01:26:35]} {[%emt 00:01:11]} 9. f3 {[%clk 01:24:41]} {[%emt 00:02:22]}
O-O {[%clk 01:23:15]} {[%emt 00:03:51]} 10. Qd2 {[%clk 01:22:02]} {[%emt
00:03:09]} a6 {[%clk 01:22:13]} {[%emt 00:01:31]} 11. Bxc6 {[%clk 01:22:08]}
{[%emt 00:00:24]} bxc6 {[%clk 01:22:11]} {[%emt 00:00:32]} 12. a4 {[%clk
01:15:42]} {[%emt 00:06:56]} c5 {[%clk 01:21:32]} {[%emt 00:01:08]} 13. Nb3
{[%clk 01:15:43]} {[%emt 00:00:29]} Bc6 {[%clk 01:16:41]} {[%emt 00:05:22]} 14.
a5 {[%clk 01:14:46]} {[%emt 00:01:27]} Nd7 {[%clk 01:11:56]} {[%emt 00:05:14]}
15. Bh6 {[%clk 01:13:37]} {[%emt 00:01:40]} Ne5 {[%clk 01:07:57]} {[%emt
00:04:29]} 16. Bxg7 {[%clk 01:13:10]} {[%emt 00:00:57]} Kxg7 {[%clk 01:07:56]}
{[%emt 00:00:30]} 17. Na4 {[%clk 01:11:46]} {[%emt 00:01:55]} Nc4 {[%clk
01:06:51]} {[%emt 00:01:35]} 18. Qc3+ {[%clk 01:12:09]} {[%emt 00:00:07]} Ne5
{[%clk 01:05:41]} {[%emt 00:01:40]} 19. f4 {[%clk 01:12:29]} {[%emt 00:00:10]}
Qd7 {[%clk 01:04:06]} {[%emt 00:02:05]} 20. Nb6 {[%clk 01:11:53]} {[%emt
00:01:07]} Qb7 {[%clk 01:03:38]} {[%emt 00:00:57]} 21. fxe5 {[%clk 01:11:43]}
{[%emt 00:00:41]} Rab8 {[%clk 01:01:46]} {[%emt 00:02:21]} 22. exd6+ {[%clk
01:12:03]} {[%emt 00:00:10]} Kg8 {[%clk 01:01:53]} {[%emt 00:00:22]} 23. Nxc5
{[%clk 01:12:19]} {[%emt 00:00:14]} Qa7 {[%clk 01:01:22]} {[%emt 00:01:01]} 24.
d7 {[%clk 01:11:12]} {[%emt 00:01:38]} Rbd8 {[%clk 01:00:19]} {[%emt 00:01:33]}
25. Ne6 {[%clk 01:10:16]} {[%emt 00:01:26]} fxe6 {[%clk 00:59:48]} {[%emt
00:01:00]} 26. Qxc6 {[%clk 01:10:41]} {[%emt 00:00:06]} 1-0

[Event "DVM U16 2021"]
[Site "Kiel GER"]
[Date "2022.07.23"]
[Round "2"]
[White "Haubold, Henry"]
[Black "Andreas, Bruno"]
[Result "0-1"]
[Termination "normal"]
[Board "10.4"]
[WhiteElo "963"]
[BlackElo "1490"]
[WhiteClock "00:52:41"]
[BlackClock "00:25:52"]
[WhiteTeam "SV Grün-Weiß Niederwiesa"]
[BlackTeam "USV TU Dresden"]
[PlyCount "76"]
[WhiteFideId "34628355"]
[BlackFideId "16274210"]
[EventCountry "GER"]
[EventRounds "7"]
[EventType "team-swiss"]
[EventDate "2022.07.22"]

1. c4 {[%clk 01:30:58]} {[%emt 00:00:02]} c5 {[%clk 01:30:55]} {[%emt
00:00:06]} 2. Nf3 {[%clk 01:31:20]} {[%emt 00:00:07]} Nf6 {[%clk 01:31:18]}
{[%emt 00:00:07]} 3. Nc3 {[%clk 01:31:39]} {[%emt 00:00:12]} g6 {[%clk
01:31:09]} {[%emt 00:00:38]} 4. g3 {[%clk 01:31:32]} {[%emt 00:00:37]} Bg7
{[%clk 01:31:23]} {[%emt 00:00:16]} 5. Bg2 {[%clk 01:31:30]} {[%emt 00:00:33]}
O-O {[%clk 01:30:58]} {[%emt 00:00:55]} 6. e3 {[%clk 01:31:37]} {[%emt
00:00:22]} Nc6 {[%clk 01:29:58]} {[%emt 00:01:30]} 7. O-O {[%clk 01:30:57]}
{[%emt 00:01:11]} d5 {[%clk 01:25:42]} {[%emt 00:04:44]} 8. cxd5 {[%clk
01:28:22]} {[%emt 00:03:06]} Nxd5 {[%clk 01:25:42]} {[%emt 00:00:30]} 9. Nxd5
{[%clk 01:27:43]} {[%emt 00:01:09]} Qxd5 {[%clk 01:26:05]} {[%emt 00:00:07]}
10. d4 {[%clk 01:26:09]} {[%emt 00:02:04]} Qd6 {[%clk 01:22:45]} {[%emt
00:03:50]} 11. dxc5 {[%clk 01:25:11]} {[%emt 00:01:29]} Qxc5 {[%clk 01:22:38]}
{[%emt 00:00:36]} 12. Re1 {[%clk 01:22:49]} {[%emt 00:02:51]} Rd8 {[%clk
01:19:57]} {[%emt 00:03:08]} 13. Qb3 {[%clk 01:20:37]} {[%emt 00:02:46]} Na5
{[%clk 01:16:18]} {[%emt 00:04:09]} 14. Qa4 {[%clk 01:20:12]} {[%emt 00:00:54]}
Bd7 {[%clk 01:15:52]} {[%emt 00:00:56]} 15. Qf4 {[%clk 01:17:21]} {[%emt
00:03:22]} Nc4 {[%clk 01:07:02]} {[%emt 00:09:17]} 16. Ng5 {[%clk 01:11:56]}
{[%emt 00:05:58]} Nd6 {[%clk 00:50:54]} {[%emt 00:16:38]} 17. e4 {[%clk
01:05:20]} {[%emt 00:07:06]} h6 {[%clk 00:35:00]} {[%emt 00:16:24]} 18. Nf3
{[%clk 01:03:55]} {[%emt 00:01:56]} e5 {[%clk 00:31:46]} {[%emt 00:03:42]} 19.
Qd2 {[%clk 00:59:19]} {[%emt 00:05:06]} Bc6 {[%clk 00:30:33]} {[%emt 00:01:44]}
20. Nh4 {[%clk 00:55:48]} {[%emt 00:04:01]} Nf5 {[%clk 00:25:43]} {[%emt
00:05:16]} 21. Qc3 {[%clk 00:54:59]} {[%emt 00:01:23]} Qxc3 {[%clk 00:25:45]}
{[%emt 00:00:28]} 22. bxc3 {[%clk 00:55:19]} {[%emt 00:00:10]} Nxh4 {[%clk
00:25:56]} {[%emt 00:00:18]} 23. gxh4 {[%clk 00:55:29]} {[%emt 00:00:21]} Rd3
{[%clk 00:25:59]} {[%emt 00:00:25]} 24. Bb2 {[%clk 00:54:13]} {[%emt 00:01:48]}
Rd2 {[%clk 00:26:02]} {[%emt 00:00:27]} 25. Bc1 {[%clk 00:54:14]} {[%emt
00:00:29]} Rc2 {[%clk 00:24:31]} {[%emt 00:02:01]} 26. Re3 {[%clk 00:53:59]}
{[%emt 00:00:45]} Rd8 {[%clk 00:24:04]} {[%emt 00:00:56]} 27. h3 {[%clk
00:53:00]} {[%emt 00:01:07]} Rd1+ {[%clk 00:24:26]} {[%emt 00:00:31]} 28. Kh2
{[%clk 00:53:17]} {[%emt 00:00:12]} Rdxc1 {[%clk 00:24:16]} {[%emt 00:00:40]}
29. Rxc1 {[%clk 00:53:25]} {[%emt 00:00:22]} Rxc1 {[%clk 00:24:40]} {[%emt
00:00:07]} 30. f3 {[%clk 00:53:04]} {[%emt 00:00:51]} Ra1 {[%clk 00:24:05]}
{[%emt 00:01:05]} 31. Re2 {[%clk 00:53:21]} {[%emt 00:00:12]} Rc1 {[%clk
00:23:59]} {[%emt 00:00:36]} 32. Re3 {[%clk 00:53:39]} {[%emt 00:00:12]} Rc2
{[%clk 00:24:23]} {[%emt 00:00:06]} 33. a3 {[%clk 00:53:52]} {[%emt 00:00:19]}
Bf8 {[%clk 00:24:42]} {[%emt 00:00:10]} 34. Kg3 {[%clk 00:53:17]} {[%emt
00:01:05]} Bxa3 {[%clk 00:24:52]} {[%emt 00:00:20]} 35. Bh1 {[%clk 00:53:03]}
{[%emt 00:00:30]} a5 {[%clk 00:25:01]} {[%emt 00:00:34]} 36. f4 {[%clk
00:53:18]} {[%emt 00:00:16]} exf4+ {[%clk 00:25:15]} {[%emt 00:00:15]} 37. Kxf4
{[%clk 00:53:39]} {[%emt 00:00:09]} Bc1 {[%clk 00:25:37]} {[%emt 00:00:08]} 38.
Kf3 {[%clk 00:52:41]} {[%emt 00:01:28]} Bxe3 {[%clk 00:25:52]} {[%emt
00:00:16]} 0-1

[Event "DVM U16 2021"]
[Site "Kiel GER"]
[Date "2022.07.24"]
[Round "3"]
[White "Weihrauch, Jakob"]
[Black "Bui, Bao Anh Le"]
[Result "0-1"]
[Termination "normal"]
[Board "1.1"]
[WhiteElo "2183"]
[BlackElo "2109"]
[WhiteClock "00:01:52"]
[BlackClock "00:06:56"]
[WhiteTeam "Hamburger SK von 1830 eV"]
[BlackTeam "SV Mattnetz Berlin e.V."]
[PlyCount "72"]
[WhiteFideId "16210115"]
[BlackFideId "12970719"]
[EventCountry "GER"]
[EventRounds "7"]
[EventType "team-swiss"]
[EventDate "2022.07.22"]

1. e4 {[%clk 01:30:57]} {[%emt 00:00:02]} c5 {[%clk 01:30:23]} {[%emt
00:00:36]} 2. Nf3 {[%clk 01:31:20]} {[%emt 00:00:08]} d6 {[%clk 01:30:28]}
{[%emt 00:00:24]} 3. d4 {[%clk 01:31:43]} {[%emt 00:00:08]} cxd4 {[%clk
01:30:50]} {[%emt 00:00:08]} 4. Nxd4 {[%clk 01:32:11]} {[%emt 00:00:03]} Nf6
{[%clk 01:30:57]} {[%emt 00:00:22]} 5. Nc3 {[%clk 01:32:33]} {[%emt 00:00:08]}
a6 {[%clk 01:30:59]} {[%emt 00:00:27]} 6. Bg5 {[%clk 01:32:51]} {[%emt
00:00:13]} e6 {[%clk 01:30:57]} {[%emt 00:00:31]} 7. f4 {[%clk 01:33:08]}
{[%emt 00:00:14]} Nbd7 {[%clk 01:31:07]} {[%emt 00:00:20]} 8. Qf3 {[%clk
01:25:41]} {[%emt 00:07:57]} Qc7 {[%clk 01:30:28]} {[%emt 00:01:08]} 9. Bxf6
{[%clk 01:03:06]} {[%emt 00:23:06]} Nxf6 {[%clk 01:28:10]} {[%emt 00:02:47]}
10. g4 {[%clk 01:02:59]} {[%emt 00:00:38]} b5 {[%clk 01:19:37]} {[%emt
00:09:02]} 11. g5 {[%clk 01:01:08]} {[%emt 00:02:21]} b4 {[%clk 01:10:54]}
{[%emt 00:09:14]} 12. Ncb5 {[%clk 00:54:49]} {[%emt 00:06:49]} axb5 {[%clk
01:04:34]} {[%emt 00:06:49]} 13. gxf6 {[%clk 00:55:12]} {[%emt 00:00:08]} gxf6
{[%clk 01:03:24]} {[%emt 00:01:39]} 14. Bxb5+ {[%clk 00:49:09]} {[%emt
00:06:33]} Bd7 {[%clk 01:03:27]} {[%emt 00:00:27]} 15. Qd3 {[%clk 00:32:28]}
{[%emt 00:17:12]} Qc5 {[%clk 00:58:03]} {[%emt 00:05:54]} 16. Bc4 {[%clk
00:25:19]} {[%emt 00:07:38]} Bh6 {[%clk 00:53:51]} {[%emt 00:04:42]} 17. Rf1
{[%clk 00:22:11]} {[%emt 00:03:38]} Ke7 {[%clk 00:49:20]} {[%emt 00:05:01]} 18.
O-O-O {[%clk 00:16:10]} {[%emt 00:06:32]} Rhc8 {[%clk 00:45:15]} {[%emt
00:04:35]} 19. Nb3 {[%clk 00:10:44]} {[%emt 00:05:56]} Qe5 {[%clk 00:43:49]}
{[%emt 00:01:55]} 20. Kb1 {[%clk 00:03:50]} {[%emt 00:07:25]} Bxf4 {[%clk
00:43:52]} {[%emt 00:00:27]} 21. Nd4 {[%clk 00:02:27]} {[%emt 00:01:53]} Rc7
{[%clk 00:28:33]} {[%emt 00:15:47]} 22. Bb3 {[%clk 00:01:30]} {[%emt 00:01:27]}
Ra5 {[%clk 00:17:58]} {[%emt 00:11:05]} 23. Rf3 {[%clk 00:01:04]} {[%emt
00:00:57]} Bc8 {[%clk 00:12:34]} {[%emt 00:05:53]} 24. Rh3 {[%clk 00:00:47]}
{[%emt 00:00:48]} Ba6 {[%clk 00:12:13]} {[%emt 00:00:50]} 25. Qf3 {[%clk
00:01:05]} {[%emt 00:00:13]} Bb7 {[%clk 00:12:31]} {[%emt 00:00:12]} 26. Nf5+
{[%clk 00:00:56]} {[%emt 00:00:39]} exf5 {[%clk 00:09:58]} {[%emt 00:03:03]}
27. Rxh7 {[%clk 00:01:22]} {[%emt 00:00:05]} fxe4 {[%clk 00:09:34]} {[%emt
00:00:53]} 28. Rxf7+ {[%clk 00:01:21]} {[%emt 00:00:31]} Ke8 {[%clk 00:09:36]}
{[%emt 00:00:28]} 29. Qg4 {[%clk 00:00:32]} {[%emt 00:01:19]} Rxf7 {[%clk
00:09:43]} {[%emt 00:00:23]} 30. Qg8+ {[%clk 00:00:33]} {[%emt 00:00:30]} Rf8
{[%clk 00:09:58]} {[%emt 00:00:14]} 31. Qg6+ {[%clk 00:00:33]} {[%emt
00:00:30]} Kd8 {[%clk 00:10:05]} {[%emt 00:00:22]} 32. Rg1 {[%clk 00:00:50]}
{[%emt 00:00:14]} Bd5 {[%clk 00:09:26]} {[%emt 00:01:09]} 33. Qh7 {[%clk
00:01:01]} {[%emt 00:00:19]} Bxb3 {[%clk 00:07:18]} {[%emt 00:02:37]} 34. axb3
{[%clk 00:01:05]} {[%emt 00:00:26]} Qd4 {[%clk 00:06:28]} {[%emt 00:01:19]} 35.
Qg7 {[%clk 00:01:32]} {[%emt 00:00:04]} Re8 {[%clk 00:06:38]} {[%emt 00:00:18]}
36. Rf1 {[%clk 00:01:52]} {[%emt 00:00:11]} Be5 {[%clk 00:06:56]} {[%emt
00:00:12]} 0-1

[Event "DVM U16 2021"]
[Site "Kiel GER"]
[Date "2022.07.24"]
[Round "3"]
[White "Röhr, Oliver"]
[Black "Huo, Da"]
[Result "1/2-1/2"]
[Termination "normal"]
[Board "1.2"]
[WhiteElo "2088"]
[BlackElo "1858"]
[WhiteClock "00:02:39"]
[BlackClock "00:05:49"]
[WhiteTeam "SV Mattnetz Berlin e.V."]
[BlackTeam "Hamburger SK von 1830 eV"]
[PlyCount "133"]
[WhiteFideId "12987697"]
[BlackFideId "16221206"]
[EventCountry "GER"]
[EventRounds "7"]
[EventType "team-swiss"]
[EventDate "2022.07.22"]

1. e4 {[%clk 01:30:57]} {[%emt 00:00:02]} c5 {[%clk 01:30:56]} {[%emt
00:00:05]} 2. Nf3 {[%clk 01:31:21]} {[%emt 00:00:06]} d6 {[%clk 01:31:21]}
{[%emt 00:00:05]} 3. d4 {[%clk 01:31:46]} {[%emt 00:00:05]} cxd4 {[%clk
01:31:48]} {[%emt 00:00:04]} 4. Nxd4 {[%clk 01:32:12]} {[%emt 00:00:04]} Nf6
{[%clk 01:32:12]} {[%emt 00:00:07]} 5. Nc3 {[%clk 01:32:37]} {[%emt 00:00:04]}
Nc6 {[%clk 01:32:38]} {[%emt 00:00:04]} 6. Bg5 {[%clk 01:32:14]} {[%emt
00:00:53]} e6 {[%clk 01:32:42]} {[%emt 00:00:26]} 7. Qd2 {[%clk 01:32:01]}
{[%emt 00:00:43]} a6 {[%clk 01:32:50]} {[%emt 00:00:23]} 8. O-O-O {[%clk
01:31:56]} {[%emt 00:00:34]} Bd7 {[%clk 01:33:16]} {[%emt 00:00:05]} 9. f4
{[%clk 01:30:04]} {[%emt 00:02:22]} Be7 {[%clk 01:32:53]} {[%emt 00:00:53]} 10.
Be2 {[%clk 01:26:24]} {[%emt 00:04:09]} Nxd4 {[%clk 01:32:14]} {[%emt
00:01:09]} 11. Qxd4 {[%clk 01:26:46]} {[%emt 00:00:08]} Bc6 {[%clk 01:31:57]}
{[%emt 00:00:48]} 12. f5 {[%clk 01:20:32]} {[%emt 00:06:44]} Nxe4 {[%clk
01:15:17]} {[%emt 00:17:09]} 13. Bxe7 {[%clk 01:15:55]} {[%emt 00:05:07]} Nxc3
{[%clk 01:14:20]} {[%emt 00:01:28]} 14. Qxc3 {[%clk 01:08:12]} {[%emt
00:08:12]} Qxe7 {[%clk 01:08:13]} {[%emt 00:06:38]} 15. Qxg7 {[%clk 01:04:53]}
{[%emt 00:03:49]} Kd7 {[%clk 01:07:46]} {[%emt 00:00:58]} 16. Bh5 {[%clk
00:49:31]} {[%emt 00:15:51]} Raf8 {[%clk 01:02:09]} {[%emt 00:06:07]} 17. Rhe1
{[%clk 00:45:52]} {[%emt 00:04:09]} Rhg8 {[%clk 00:48:27]} {[%emt 00:14:12]}
18. Qxh7 {[%clk 00:39:50]} {[%emt 00:06:32]} e5 {[%clk 00:44:48]} {[%emt
00:04:08]} 19. f6 {[%clk 00:25:44]} {[%emt 00:14:36]} Qxf6 {[%clk 00:42:21]}
{[%emt 00:02:58]} 20. Rf1 {[%clk 00:24:07]} {[%emt 00:02:07]} Qg5+ {[%clk
00:34:42]} {[%emt 00:08:09]} 21. Rd2 {[%clk 00:22:25]} {[%emt 00:02:12]} Rg7
{[%clk 00:25:15]} {[%emt 00:09:58]} 22. Qd3 {[%clk 00:22:05]} {[%emt 00:00:49]}
Qe7 {[%clk 00:24:56]} {[%emt 00:00:48]} 23. Rfd1 {[%clk 00:20:45]} {[%emt
00:01:51]} Kc7 {[%clk 00:25:02]} {[%emt 00:00:25]} 24. Bf3 {[%clk 00:18:04]}
{[%emt 00:03:11]} e4 {[%clk 00:18:38]} {[%emt 00:06:54]} 25. Bxe4 {[%clk
00:15:26]} {[%emt 00:03:08]} Rfg8 {[%clk 00:09:43]} {[%emt 00:09:24]} 26. Bxc6
{[%clk 00:14:31]} {[%emt 00:01:25]} Kxc6 {[%clk 00:09:55]} {[%emt 00:00:18]}
27. Qc4+ {[%clk 00:08:42]} {[%emt 00:06:18]} Kd7 {[%clk 00:10:15]} {[%emt
00:00:10]} 28. Qb4 {[%clk 00:07:56]} {[%emt 00:01:16]} Kc8 {[%clk 00:10:20]}
{[%emt 00:00:25]} 29. Rxd6 {[%clk 00:07:03]} {[%emt 00:01:24]} Kb8 {[%clk
00:09:41]} {[%emt 00:01:10]} 30. Qb6 {[%clk 00:05:57]} {[%emt 00:01:34]} Rc8
{[%clk 00:08:37]} {[%emt 00:01:35]} 31. Rd8 {[%clk 00:03:10]} {[%emt 00:03:15]}
Rxg2 {[%clk 00:08:08]} {[%emt 00:01:01]} 32. Rxc8+ {[%clk 00:01:47]} {[%emt
00:01:53]} Kxc8 {[%clk 00:08:37]} {[%emt 00:00:01]} 33. Qh6 {[%clk 00:01:14]}
{[%emt 00:01:02]} Qg5+ {[%clk 00:04:58]} {[%emt 00:04:10]} 34. Qxg5 {[%emt
00:00:02]} Rxg5 35. h4 {[%clk 00:01:37]} {[%emt 00:00:34]} Rh5 {[%clk
00:05:56]} {[%emt 00:00:01]} 36. Rd4 {[%clk 00:01:34]} {[%emt 00:00:33]} Kc7
{[%clk 00:06:16]} {[%emt 00:00:11]} 37. Kd2 {[%clk 00:01:45]} {[%emt 00:00:19]}
Kc6 {[%clk 00:05:54]} {[%emt 00:00:52]} 38. Ke3 {[%clk 00:01:26]} {[%emt
00:00:49]} a5 {[%clk 00:05:12]} {[%emt 00:01:12]} 39. Kf3 {[%clk 00:01:17]}
{[%emt 00:00:39]} Kc5 {[%clk 00:03:52]} {[%emt 00:01:50]} 40. c3 {[%clk
00:00:46]} {[%emt 00:01:00]} f5 {[%clk 00:02:08]} {[%emt 00:02:15]} 41. Kg3
{[%clk 00:29:10]} {[%emt 00:02:06]} b5 {[%clk 00:31:20]} {[%emt 00:01:18]} 42.
Rd8 {[%clk 00:28:04]} {[%emt 00:01:35]} Kc4 {[%clk 00:29:49]} {[%emt 00:02:02]}
43. Rg8 {[%clk 00:25:52]} {[%emt 00:02:41]} Kd3 {[%clk 00:28:54]} {[%emt
00:01:25]} 44. Rg5 {[%clk 00:23:25]} {[%emt 00:02:56]} Rxg5 {[%clk 00:28:14]}
{[%emt 00:01:11]} 45. hxg5 {[%clk 00:23:53]} {[%emt 00:00:02]} Ke3 {[%clk
00:28:37]} {[%emt 00:00:07]} 46. Kg2 {[%clk 00:22:13]} {[%emt 00:02:11]} Ke2
{[%clk 00:27:57]} {[%emt 00:01:10]} 47. Kg3 {[%clk 00:20:58]} {[%emt 00:01:44]}
Ke3 {[%clk 00:28:22]} {[%emt 00:00:06]} 48. g6 {[%clk 00:19:01]} {[%emt
00:02:26]} f4 {[%clk 00:28:44]} {[%emt 00:00:09]} 49. Kg4 {[%clk 00:17:51]}
{[%emt 00:01:39]} f3 {[%clk 00:29:04]} {[%emt 00:00:12]} 50. g7 {[%clk
00:18:04]} {[%emt 00:00:17]} f2 {[%clk 00:29:29]} {[%emt 00:00:05]} 51. g8=Q
{[%clk 00:18:24]} {[%emt 00:00:09]} f1=Q {[%clk 00:29:55]} {[%emt 00:00:05]}
52. Qg5+ {[%clk 00:18:29]} {[%emt 00:00:25]} Ke4 {[%clk 00:29:59]} {[%emt
00:00:26]} 53. Qg6+ {[%clk 00:13:32]} {[%emt 00:05:27]} Ke3 {[%clk 00:26:36]}
{[%emt 00:03:54]} 54. Qb6+ {[%clk 00:13:14]} {[%emt 00:00:47]} Kd2 {[%clk
00:26:51]} {[%emt 00:00:16]} 55. Qxa5 {[%clk 00:12:59]} {[%emt 00:00:45]} Qc4+
{[%clk 00:26:56]} {[%emt 00:00:25]} 56. Kf5 {[%clk 00:13:05]} {[%emt 00:00:23]}
Kc2 {[%clk 00:19:18]} {[%emt 00:08:09]} 57. Qa3 {[%clk 00:12:18]} {[%emt
00:01:17]} Qd5+ {[%clk 00:14:24]} {[%emt 00:05:24]} 58. Kf6 {[%clk 00:10:25]}
{[%emt 00:02:22]} Qc6+ {[%clk 00:10:07]} {[%emt 00:04:48]} 59. Ke5 {[%clk
00:09:08]} {[%emt 00:01:47]} Qd7 {[%clk 00:05:23]} {[%emt 00:05:14]} 60. Qb3+
{[%clk 00:04:50]} {[%emt 00:04:47]} Kb1 {[%clk 00:05:46]} {[%emt 00:00:07]} 61.
Ke4 {[%clk 00:04:08]} {[%emt 00:01:12]} Ka1 {[%clk 00:04:47]} {[%emt 00:01:30]}
62. Qd5 {[%clk 00:02:17]} {[%emt 00:02:21]} Qe8+ {[%clk 00:05:11]} {[%emt
00:00:06]} 63. Kd4 {[%clk 00:02:33]} {[%emt 00:00:14]} Kxb2 {[%clk 00:05:20]}
{[%emt 00:00:21]} 64. Qb3+ {[%clk 00:02:51]} {[%emt 00:00:11]} Ka1 {[%clk
00:05:45]} {[%emt 00:00:05]} 65. Kc5 {[%clk 00:02:50]} {[%emt 00:00:31]} Qc8+
{[%clk 00:05:41]} {[%emt 00:00:35]} 66. Kd4 {[%clk 00:02:39]} {[%emt 00:00:40]}
Qg4+ {[%clk 00:05:49]} {[%emt 00:00:22]} 67. Ke5 {[%emt 00:00:50]} *